000 01624cam a2200433 i 4500
001 768714001
003 CO-MdFUSB
005 20210303105036.0
007 ta
008 960628t19851985enk b 000 0 eng
010 _a86006184
020 _a0802800793 (Eerdmans : pbk.)
020 _a9780830829958 (Eerdmans : pbk.)
040 _aDLC
_cCO-MdFUSB
_dCAP
_dCO-MdFUSB
_dUtOrBLW
_bspa
_erda
041 _aeng
082 _223
_a 227.9107
_bM817
090 _aBS2785.3
100 1 _aMoo, Douglas J.
_eautor
240 _aEpistle of James : an introduction and commentary.
245 1 4 _aThe letter of James :
_ban introduction and commentary
_c/ Douglas J. Moo.
246 3 3 _aEpistle of James :
_ban introduction and commentary.
246 3 4 _aJames.
264 1 _aLeicester, England :
_bInter-Varsity Press ;
_aGrand Rapids, Mich. :
_bEerdmans,
_c[1985]
264 4 _c© 1985
300 _a191 páginas ;
_c20 cm.
336 _atexto
_btxt
_2rdacontent.
337 _asin mediación
_bn
_2rdamedia.
338 _avolumen
_bnc
_2rdacarrier.
490 1 _aThe Tyndale New Testament commentaries ;
504 _aIncluye referencias bibliográficas.
505 _aLa carta en la iglesia. -- Paternidad literaria. -- Circunstancias de la carta. -- La naturaleza de la carta. -- Énfasis teológico de la carta. -- Análisis. -- Comentario. -- Notas adicionales.
563 _aRústico
630 7 _aBiblia.
_pSantiago
_xCrítica, interpretación, etc.
830 0 _aTyndale New Testament commentaries ;
_v16.
942 _cBK
945 _aJTF-925
999 _c66256
_d66256